00638nam a22001692 4500001001100000005001700011008004100028020001700069040001500086050001600101245016800117260005400285300002000339650004300359700003300402700003300435000000475520151217151940.0070529s xx 000 0 eng d a9517089171 : aKABUcKABU 0aSD237b.F6710aForests, chiefs and peasants in Africa :blocal management of natural resources in Tanzania, Zimbabwe and Mozambique /ceditors, Pekka Virtanen and Matti Nummelit. aJoensuu, Finland :bUniversity of Joensuu,c2000. a229 p. ;c cm. 0aForest managementzAfrica.@00001555261 aVirtanen, Pekka.@00001555271 aNummelit, Matti.@0000155528